000 00545nam a2200193Ia 4500
003 GCL
008 140319s9999 xx 000 0 ara d
040 _aGCL /
_cGCL
082 0 4 _a301
_bم م
100 1 _aمهنا حداد
245 1 0 _aمداخل إلى العلوم الإجتماعية /
_cمهنا حداد
300 _a442
490 _aكتاب
_v0
650 0 4 _aالاجتماع
650 0 4 _aعلم النفس الاجتماعى
650 0 4 _aالاجتماع، علم
650 0 4 _aالاداء الصوتى
942 _2ddc
_cBK
999 _c43258
_d43258